000 00210 a2200097 4500
001 42993
100 _aDauies
245 _aWellington his army
260 _aOxford
_bBasil black well
_c
090 _c26869
_d26869
942 _aNUST-CAE
_cM
_c18745
999 _c278066
_d278066